000 00344nam a2200121Ia 4500
008 220217s9999||||xx |||||||||||||| ||und||
082 _a005.43 MUK
100 _aMukhi, Vijay Gandhi, Meeta
245 0 _aC odyssey unix : the open boundless C
260 _aBPB publications
_bNew Delhi
_c1992
300 _b250
650 _aOperating systems
999 _c168370
_d168370